000 00399nam a2200169Ia 4500
008 230524s9999 xx 000 0 und d
020 _a97893513428477
082 _bBHA
100 _aV B Bhandari
_942877
245 0 _aMachine Design Data Book
250 _a1
260 _aNew Delhi
_bTMH
_c2015
300 _a"1.1,14p;"
500 _aQuantity Number: 1
650 _aMechanics
942 _cBK
999 _c57849
_d57849